|
|
|
|
| LEADER |
00878nam a2200277 4500 |
| 001 |
DLU120133751 |
| 005 |
##20120416 |
| 040 |
# |
# |
|a DLU
|b vie
|
| 041 |
# |
# |
|a vie
|
| 044 |
# |
# |
|a vn
|
| 100 |
# |
# |
|a Hoàng Thanh Thúy,
|c TS.
|
| 245 |
# |
# |
|a Vận dụng phương pháp dự án trong dạy học tâm lý học ở trường đại học sư phạm /
|c Hoàng Thanh Thúy, Bế Thuận An.
|
| 653 |
# |
# |
|a Nghiệp vụ sư phạm
|
| 653 |
# |
# |
|a Phương pháp dự án
|
| 653 |
# |
# |
|a Tâm lí học
|
| 700 |
# |
# |
|a Bế Thuận An.
|
| 773 |
# |
# |
|t Tạp chí Giáo dục
|g Số 3(234), 2010, tr. 27-29
|
| 920 |
# |
# |
|a Phòng Tạp chí -- Trung tâm Thông tin - Thư viện Trường Đại học Đà Lạt
|
| 994 |
# |
# |
|a DLU
|
| 900 |
# |
# |
|a True
|
| 911 |
# |
# |
|a Nguyễn Thị Linh Chi
|
| 925 |
# |
# |
|a G
|
| 926 |
# |
# |
|a A
|
| 927 |
# |
# |
|a BB
|
| 980 |
# |
# |
|a Thư viện Trường Đại học Đà Lạt
|